Lana Del Rey - Taco Truck x VB (Lyrics) - Statistics

General Stats
  • This quiz has been taken 216 times
  • The average score is 258 of 358
Answer Stats
Answer % Correct
me
100%
Me,
100%
me,
100%
a
99%
I
99%
my
99%
the
98%
taco
97%
you
97%
You
97%
truck
96%
I'm
95%
down
94%
down,
94%
to
94%
boyfriend
90%
in
90%
that
90%
it
89%
be
88%
Met
87%
need
87%
we
87%
call
86%
go
86%
When
86%
feeling
85%
get
85%
on
85%
On
85%
Pass
85%
at
84%
sick,
84%
they
84%
vape,
84%
your
84%
take
83%
Lanita
82%
"Lanita"
82%
puff
82%
why
82%
that's
81%
fuck
80%
if
80%
If
80%
it's
80%
It's
80%
kiss,
80%
kiss
80%
Venice
80%
baby
78%
baby,
78%
Bitch
78%
gave
78%
bang,
77%
actually
76%
Imagine
75%
little
75%
and
74%
Blue
74%
bonita
74%
crazy
74%
talk
73%
talk,
73%
too
72%
Wouldn't
71%
about
70%
for
70%
into
70%
of
69%
can
68%
come
68%
come,
68%
We're
68%
know,
68%
know
68%
something
68%
violent
68%
violent,
68%
weather,
68%
we're
68%
We're
68%
what
68%
kids
67%
Don't
66%
don't
66%
lips
66%
sweater
66%
God,
65%
us?
65%
falling
64%
hate
64%
I'll
63%
miss
63%
now
63%
out,
63%
with
63%
Caribbean
62%
love
62%
Calling
61%
high
61%
like
61%
older
61%
because
60%
back
59%
Back,
59%
Back
59%
better,
59%
getting
59%
Way
58%
diamonds
57%
find
57%
garden
57%
myself,
57%
neighborhood
57%
off,
56%
clover
55%
Jealous
55%
mine,
55%
Spin
55%
over
54%
I'd
53%
let
53%
seems
53%
whip
53%
you're
53%
crimson
52%
I've
52%
should
51%
stoop
51%
weren't
51%
Before
50%
saying
49%
stop
49%
'til
49%
cream,
48%
dancing
48%
gotten
48%
says
48%
street
48%
Although
47%
Carlito's
47%
chain,
46%
gold
46%
white
46%
Blood
45%
Everything,
45%
town
45%
whatever
45%
around
44%
We'll
43%
hanging
41%
Read
41%
Sounding
41%
feet,
40%
baby's
39%
black
39%
heard
38%
pages,
35%
Reseda
31%
faze
29%
Print
28%
Everything's
26%
But,
20%
No matching quizzes found
Score Distribution
Percent of People with Each Score
Percentile by Number Answered
Your Score History
You have not taken this quiz